Основы технологий массовых телекоммуникаций: учебник

Xehetasun bibliografikoak
Egile nagusia: Суворов А. Б. Александр Борисович
Gaia:Создание компьютерных сетей явилось результатом логического развития вычислительных и телекоммуникационных технологий. Телекоммуникации — технологии, служащие для автоматизированной передачи информации на расстояния но различным линиям связи и охватывающие теорию, способы, соответствующие аппаратные и программные средства. В предлагаемом учебнике изложены основы построения систем передачи данных, современные методы и технологии компьютерных телекоммуникационных систем, основы работы с мировыми информационными ресурсами. Учебник предназначен для подготовки бакалавров, специалистов и магистров по направлениям:230100 «Информатика и вычислительная техника», 230400 «Информационные системы и технологии», 230700 «Прикладная информатика», 231000 «Программная инженерия», 080500 «Бизнес-информатика», 210700 «Йнфокоммуникационные технологии и системы связи», 220501 «Управление качеством», 034700 «Документоведение и архивоведение».
Hizkuntza:errusiera
Argitaratua: Ростов-на-Дону, Феникс, 2014
Gaiak:
Formatua: Liburua
KOHA link:https://koha.lib.tpu.ru/cgi-bin/koha/opac-detail.pl?biblionumber=244828

MARC

LEADER 00000nam0a2200000 4500
001 244828
005 20231101232101.0
010 |a 9785222214718 
035 |a (RuTPU)RU\TPU\book\266223 
090 |a 244828 
100 |a 20131030d2014 m y0rusy50 ca 
101 0 |a rus 
102 |a RU 
105 |a a j 001zy 
200 1 |a Основы технологий массовых телекоммуникаций  |e учебник  |f А. Б. Суворов 
210 |a Ростов-на-Дону  |c Феникс  |d 2014 
215 |a 510 с.  |c ил. 
320 |a Библиогр.: с. 508-509. 
330 |a Создание компьютерных сетей явилось результатом логического развития вычислительных и телекоммуникационных технологий. Телекоммуникации — технологии, служащие для автоматизированной передачи информации на расстояния но различным линиям связи и охватывающие теорию, способы, соответствующие аппаратные и программные средства. В предлагаемом учебнике изложены основы построения систем передачи данных, современные методы и технологии компьютерных телекоммуникационных систем, основы работы с мировыми информационными ресурсами. Учебник предназначен для подготовки бакалавров, специалистов и магистров по направлениям:230100 «Информатика и вычислительная техника», 230400 «Информационные системы и технологии», 230700 «Прикладная информатика», 231000 «Программная инженерия», 080500 «Бизнес-информатика», 210700 «Йнфокоммуникационные технологии и системы связи», 220501 «Управление качеством», 034700 «Документоведение и архивоведение». 
606 1 |a Телекоммуникации  |2 stltpush  |3 (RuTPU)RU\TPU\subj\67470  |9 83255 
610 1 |a телекоммуникационные системы 
610 1 |a сетевые технологии 
610 1 |a понятия 
610 1 |a данные 
610 1 |a обработка 
610 1 |a передача 
610 1 |a линии связи 
610 1 |a коммутация 
610 1 |a компьютерные сети 
610 1 |a локальные сети 
610 1 |a глобальные компьютерные сети 
610 1 |a Интернет 
610 1 |a интернет-технологии 
610 1 |a мировые информационные ресурсы 
610 1 |a учебники 
675 |a 621.39(075.8)  |v 3 
700 1 |a Суворов  |b А. Б.  |g Александр Борисович 
801 1 |a RU  |b 63413507  |c 20131030 
801 2 |a RU  |b 63413507  |c 20150707  |g RCR 
900 |a Массовые коммуникации и медиапланирование 
942 |c BK 
951 |b 230700 
959 |a 141/20131029  |d 2  |e 575,05  |f АНЛ:1